Family in the weekend at the museum
Elmentve itt :
| Szerző: | |
|---|---|
| Testületi szerző: | |
| Dokumentumtípus: | Könyv része |
| Megjelent: |
Szegedi Tudományegyetem Régészeti Tanszék; Jósa András Múzeum
Szeged ; Nyíregyháza
2022
|
| Sorozat: | Monográfiák a Szegedi Tudományegyetem Régészeti Tanszékéről
10 "We should not, however, think that we are pioneers" : museums on troubled waters in the past and today : international online conference on museum history 10 |
| Kulcsszavak: | Múzeumtörténet |
| Tárgyszavak: | |
| Online Access: | http://acta.bibl.u-szeged.hu/76996 |
| LEADER | 01177naa a2200241 i 4500 | ||
|---|---|---|---|
| 001 | acta76996 | ||
| 005 | 20221110120758.0 | ||
| 008 | 221110s2022 hu o 1|| eng d | ||
| 020 | |a 978-615-5619-25-0 | ||
| 022 | |a 2062-9877 | ||
| 040 | |a SZTE Egyetemi Kiadványok Repozitórium |b hun | ||
| 041 | |a eng | ||
| 100 | 1 | |a Pripon Emanoil | |
| 245 | 1 | 0 | |a Family in the weekend at the museum |h [elektronikus dokumentum] / |c Pripon Emanoil |
| 260 | |a Szegedi Tudományegyetem Régészeti Tanszék; Jósa András Múzeum |b Szeged ; Nyíregyháza |c 2022 | ||
| 300 | |a 275-292 | ||
| 490 | 0 | |a Monográfiák a Szegedi Tudományegyetem Régészeti Tanszékéről |v 10 | |
| 490 | 0 | |a "We should not, however, think that we are pioneers" : museums on troubled waters in the past and today : international online conference on museum history |v 10 | |
| 650 | 4 | |a Bölcsészettudományok | |
| 650 | 4 | |a Történettudomány és régészet | |
| 695 | |a Múzeumtörténet | ||
| 711 | |a "We should not, however, think that we are pioneers" : museums on troubled waters in the past and today |c Online |d 2021 | ||
| 856 | 4 | 0 | |u http://acta.bibl.u-szeged.hu/76996/1/regeszeti_monografiak_010_2_275-292.pdf |z Dokumentum-elérés |